Score 0/18 Timer 04:00
5 Plays Today
Question Answer Wrong Answers
Country
Which country is known as the 'Emerald Isle'?
Ireland
89.3%
United Kingdom
1.6%
Denmark
1.7%
New Zealand
7.2%
United Kingdom
Which constituent country of the UK is not included in Great Britain?
Northern Ireland
80.6%
Scotland
6.3%
England
1.7%
Wales
4.8%
Africa
Which country gained independence from France in 1962?
Algeria
68.7%
Morocco
18%
Kenya
4%
Sudan
5.1%
World
What is the most commonly spoken language in the world?
Mandarin
67%
Spanish
8.4%
English
18%
Arabic
4.6%
Asia
What Asian country has Bishkek as its capital?
Kyrgyzstan
66.3%
Myanmar
8.3%
Kazakhstan
19.9%
North Korea
1%
Continent
Which continent has the most countries with 54?
Africa
64.8%
Asia
18.9%
Europe
12%
North America
1.3%
Border
Which of these countries does not border Germany?
Hungary
61.5%
Czechia
14.4%
Belgium
12.2%
Switzerland
5.9%
North America
What is the only Central American country that officially speaks English?
Belize
59.3%
Honduras
5.8%
Guatemala
3.8%
Panama
25.8%
Flags
Which of these colors is not present on the current Brazilian flag?
Black
59%
Green
2.5%
Blue
19.8%
White
15.5%
Topography
Which of these is the name of a desert?
Sonoran
56.6%
Mekong
10.8%
Makalu
12.6%
Baikal
12.4%
Oceania
What is the smallest country of Oceania in size?
Nauru
55.3%
Marshall Islands
9.2%
Vanuatu
15.4%
Kiribati
14.4%
South America
Which of these countries does not contain part of the Andes mountains?
Paraguay
49.7%
Colombia
22.8%
Ecuador
13.9%
Bolivia
8.8%
Europe
What is the longest river in Europe at 2,300 miles long?
Volga
41.1%
Danube
35%
Ural
4.6%
Rhine
15.7%
Canada
What is the largest Canadian island?
Baffin Island
37.6%
Victoria Island
13.1%
Newfoundland
37.6%
Ellesmere Island
4.6%
City
Which of these American cities has the largest population? (2015 estimate)
Phoenix
37.6%
Dallas
32.3%
Denver
2.7%
San Francisco
26.9%
Population
Which country has the highest population density of any in the world?
Monaco
31%
Vatican City
13.4%
Singapore
31.7%
Bangladesh
22.3%
Capital
What South African city is recognized as the legislative capital?
Cape Town
26%
Pretoria
39.8%
Johannesburg
18.7%
Bloemfontein
12.9%
State
Which of these countries has provinces as opposed to states?
Nepal
25.4%
Mexico
14%
India
34%
Austria
25.5%
Remove Ads.
Support Sporcle.
Get the best of Sporcle when you Go Orange. This ad-free experience offers more features, more stats, and more fun while also helping to support Sporcle. Thank you for becoming a member.

You're not logged in!

Compare scores with friends on all Sporcle quizzes.
OR
Log In

Sporcle TV

Today on Sporcle TV


Watch our educational content, quiz creation guides, and fun videos on Sporcle TV.

Show Comments

Extras

Top Quizzes Today


Score Distribution

Paid Content

Your Account Isn't Verified!

In order to create a playlist on Sporcle, you need to verify the email address you used during registration. Go to your Sporcle Settings to finish the process.

Report this User

Report this user for behavior that violates our Community Guidelines.

Details: